| Tag |
First Indicator |
Second Indicator |
Subfields |
| LEADER |
00000cam a22000008a 4500 |
| 001 |
in00000033458 |
| 005 |
20151007060630.0 |
| 008 |
880125s1988 caua b 00110 eng |
| 010 |
|
|
|a 88000984
|
| 020 |
|
|
|a 015647185X (pbk.)
|
| 035 |
|
|
|a (OCoLC)17439471
|
| 035 |
|
|
|9 AAC1324AM
|
| 040 |
|
|
|a DLC
|c DLC
|d TXA
|d UtOrBLW
|
| 043 |
|
|
|a a-ko---
|
| 049 |
|
|
|a TXAM
|c [A11694152]
|
| 050 |
0 |
0 |
|a DS922.27
|b .H69 1988
|
| 082 |
0 |
|
|a 951.9/5
|2 19
|
| 100 |
1 |
|
|a Howe, Russell Warren,
|d 1925-2008.
|
| 245 |
1 |
4 |
|a The Koreans :
|b passion and grace /
|c Russell Warren Howe.
|
| 250 |
|
|
|a 1st ed.
|
| 264 |
|
1 |
|a San Diego :
|b Harcourt Brace Jovanovich,
|c [1988]
|
| 264 |
|
4 |
|c ©1988
|
| 300 |
|
|
|a xxiii, 275 pages :
|b illustrations
|
| 336 |
|
|
|a text
|b txt
|2 rdacontent
|
| 337 |
|
|
|a unmediated
|b n
|2 rdamedia
|
| 338 |
|
|
|a volume
|b nc
|2 rdacarrier
|
| 500 |
|
|
|a "A Harvest/HBJ original."
|
| 504 |
|
|
|a Bibliography: pages 261-262.
|
| 500 |
|
|
|a Includes index.
|
| 651 |
|
0 |
|a Korea (South)
|x Civilization.
|
| 651 |
|
0 |
|a Korea (South)
|x Social life and customs.
|
| 999 |
|
|
|a MARS
|
| 999 |
f |
f |
|s faf1bf00-bea9-3e86-95d8-1b9d20eee441
|i ecb31f3c-3633-34a2-a1fa-a0c60a7f8d88
|t 0
|
| 952 |
f |
f |
|p ric
|a Texas A&M University
|b Rellis Campus
|c Joint Library Facility
|d Remote Storage
|t 0
|e DS922.27 .H69 1988
|h Library of Congress classification
|i unmediated -- volume
|m A14811694152
|
| 998 |
f |
f |
|a DS922.27 .H69 1988
|t 0
|l Remote Storage
|